000 01039cam a22003014a 4500
999 _c1925
_d1925
001 16265501
003 GZU
005 20201023132409.0
008 100603s2011 nyua b 001 0 eng
010 _a 2010023372
020 _a9780415803694 (hardback : alk. paper)
020 _a9780415803700 (pbk. : alk. paper)
040 _aDLC
_cDLC
_dDLC
043 _an-us---
050 0 0 _aLC191.2
_b.S632 2011
082 0 0 _a306.43
_222
245 0 0 _aSociology of education :
_ba critical reader /
_cedited by Alan R. Sadovnik.
250 _a2nd ed.
260 _aNew York :
_bRoutledge,
_c2011.
300 _axvii, 576 p. :
_bill. ;
_c27 cm.
504 _aIncludes bibliographical references and index.
650 0 _aEducational sociology.
650 0 _aEducational sociology
_zUnited States.
700 1 _aSadovnik, Alan R.
906 _a7
_bcbc
_corignew
_d1
_eecip
_f20
_gy-gencatlg
942 _2lcc
_cBK
_e2nd ed.
_hLC 191.2
_iSOC
_kLC